| 000 | 00648pam a2200205 a 4500 | ||
|---|---|---|---|
| 020 | _a0046350160 (alk. paper) | ||
| 040 | _cDLC | ||
| 082 | 0 | 0 | _a635 UNW 1988 A044 Or. |
| 100 | 1 | _aBunt, A. C. | |
| 245 | 1 | 0 |
_aMedia and mixes for container-grown plants : _ba manual on the preparation and use of growing media for pot plants / |
| 250 | _a2nd ed. of Modern potting composts. | ||
| 260 |
_aLondon ; _aBoston : _bUnwin Hyman, _c1988. |
||
| 300 |
_axxi, 309 p. : _bill. ; _c25 cm. |
||
| 500 | _aIncludes index. | ||
| 650 | 0 | _aPotting soils. | |
| 650 | 0 | _aPlants, Potted. | |
| 650 | 0 | _aGreenhouse management. | |
| 700 | 1 | _aBunt, A. C. | |
| 942 | _cEK | ||
| 999 |
_c13433 _d13433 |
||